| 000 | 00601nam a2200181 a 4500 | ||
|---|---|---|---|
| 001 | BRCA_1979 | ||
| 005 | 20190320203625.0 | ||
| 008 | 101005s1997----nyua---###---#000-0#spa-d | ||
| 050 | 4 |
_aNK1710 _b.T37 1997 |
|
| 100 | 1 |
_aTamayo de Gibelli, Sara _96072 |
|
| 245 | 1 | 0 |
_aPequeña enciclopedia de los estilos decorativos _cSara Tamayo de Gibelli. |
| 260 |
_aNew York _bInterworld Publishing _c1997 |
||
| 300 |
_a157 p. _bil. (algunas a color) _c21 cm. |
||
| 440 | 0 |
_aLos libros artesanos y burda _n12 _96073 |
|
| 650 | 1 | 4 |
_aDecoración y ornamentación _xArte decorativo _96074 |
| 902 | _aREF | ||
| 942 |
_2lcc _cB |
||
| 999 |
_c1748 _d1748 |
||